00325nam a2200121Ia 4500008004100000041000800041082001200049100001600061245004500077260004200122300003000164365000900194240624s9999 xx 000 0 und d aeng a332 GRA aGRAY JOANNA aIMPLEMENTING FINANCIAL REGULATION THEORY c2006aNew JerseybJohn Wiley and Sons axi, : 271 : p. : cm. ; 23 cb30